Principles of economics

Sparad:
Bibliografiska uppgifter
Huvudupphovsman: Marshall, Alfred
Materialtyp: Bok
Språk:Undetermined
Publicerad: London Macmillan 1981
Ämnen:
Taggar: Lägg till en tagg
Inga taggar, Lägg till första taggen!
Thư viện lưu trữ: Trung tâm Học liệu Trường Đại học Cần Thơ
LEADER 00459nam a2200181Ia 4500
001 CTU_80451
008 210402s9999 xx 000 0 und d
082 |a 330.21 
082 |b M367 
100 |a Marshall, Alfred 
245 0 |a Principles of economics 
245 0 |c Alfred Marshall 
260 |a London 
260 |b Macmillan 
260 |c 1981 
650 |a Economics 
904 |i Trọng Hải 
980 |a Trung tâm Học liệu Trường Đại học Cần Thơ